000 00400nam a22001697a 4500
999 _c257143
_d257142
003 OSt
005 20180807161638.0
008 180807b xxu||||| |||| 00| 0 eng d
020 _a9780205910366
040 _cn/a
050 _aLB1050
_b.F39 2014
100 _aCorinne Fennessy
245 _aReading for life
250 _a2nd ed
260 _aNew Jersey
_bPrentice hall
_c2014
942 _2lcc
_cBK